| 000 | 00397nam a22001337a 4500 | ||
|---|---|---|---|
| 020 | _a978-81-87671-91-6 | ||
| 082 |
_a823 _bCAN/C |
||
| 100 | _aJACK CANFIELD, MARK VICTOR HANSEN, PATTY AUBERY, KELLY MITCHELL ZIMMERMAN | ||
| 245 | _aCHICKEN SOUP FOR THE SISTER'S SOUL 2 | ||
| 260 |
_aINDIA _bWESTLAND LTD _c2007 |
||
| 300 | _a310 | ||
| 650 | _aCELEBRATING LOVE AND LAUGHTER THROUGHOUT LIVES | ||
| 942 | _cBK | ||
| 999 |
_c17 _d17 |
||